Zwierzęta #3 - Statystyki

Ogólne statystyki
  • Ten quiz został rozwiązany 17 razy
  • Średni wynik to 9 z 16
Statystyki odpowiedzi
Obrazkowy Odpowiedź % Poprawnych
Koala
92%
Bóbr
85%
Chomik
77%
Małż
77%
Dingo
69%
Kałamarnica
69%
Kapibara
69%
Anakonda
62%
Fretka
62%
Orangutan
62%
Modliszka
54%
Gacek
38%
Jak
38%
Karakal
15%
Adaks
8%
Humbak
8%
Nie znaleziono quizów pasujących do podanych kryteriów
Rozkład punktacji
Procent ludzi z każdym wynikiem
Percentyl według liczby udzielonych odpowiedzi
Twoja historia wyników
Nie rozwiązałeś tego quizu